|
|
|
|
| LEADER |
01527nam a2200385 a 4500 |
| 001 |
000537400 |
| 003 |
CZ BrMZK |
| 005 |
20080826101444.0 |
| 007 |
ta |
| 008 |
000115s2000 xr e p cze d |
| 020 |
|
|
|a 80-245-0070-1
|
| 040 |
|
|
|a BOA001
|b cze
|
| 072 |
|
7 |
|a 519
|x Kombinatorika. Teorie grafů. Matematická statistika. Operační výzkum. Matematické modelování
|2 Konspekt
|9 13
|
| 072 |
|
7 |
|a 37.016
|x Učební osnovy. Vyučovací předměty. Učebnice
|2 Konspekt
|9 22
|
| 080 |
|
|
|a 519.22
|2 MRF
|
| 080 |
|
|
|a 311.213.2
|2 MRF
|
| 080 |
|
|
|a 519.233.24
|2 MRF
|
| 080 |
|
|
|a 519.233.22
|2 MRF
|
| 080 |
|
|
|a (075.8)
|2 MRF
|
| 100 |
1 |
|
|a Kahounová, Jana,
|d 1941-
|7 jk01052538
|4 aut
|
| 245 |
1 |
0 |
|a Praktikum k výuce matematické statistiky.
|n 1,
|p Odhady /
|c Jana Kahounová
|
| 246 |
3 |
0 |
|a Odhady
|
| 250 |
|
|
|a Vyd. 1.
|
| 260 |
|
|
|a Praha :
|b Vysoká škola ekonomická,
|c 2000
|
| 300 |
|
|
|a 97 s. ;
|c 30 cm
|
| 500 |
|
|
|a Určeno pro stud. na VŠE Praha. - Bibliogr.
|
| 650 |
0 |
7 |
|a matematická statistika
|7 ph122673
|x úlohy
|2 czenas
|
| 650 |
0 |
7 |
|a statistický výběr
|7 ph126069
|x úlohy
|2 czenas
|
| 650 |
0 |
7 |
|a intervalový odhad
|7 ph135383
|x úlohy
|2 czenas
|
| 650 |
0 |
7 |
|a bodový odhad
|7 ph135363
|x úlohy
|2 czenas
|
| 655 |
|
7 |
|a učebnice vysokých škol
|7 fd133772
|2 czenas
|
| 710 |
2 |
|
|a Vysoká škola ekonomická v Praze.
|b Fakulta informatiky a statistiky
|7 kn20010709399
|
| 910 |
|
|
|a BOA001
|b 4-1078.357,1
|
| 990 |
|
|
|a BK
|
| 996 |
6 |
|
|b 2610123340
|c 4-1078.357,1
|l MZK
|r Sklad / do 1 hodiny
|n 0
|p p.v.
|w 000537400
|u 000010
|a 1
|e BOA001
|j MZK50
|s P
|